Normal view
MARC view
- DME TEXTBOOK. MECHANICS OF MATERIALS
Entry Topical Term
001 - CONTROL NUMBER
- control field: 91998
003 - CONTROL NUMBER IDENTIFIER
- control field: NUST
005 - DATE AND TIME OF LATEST TRANSACTION
- control field: 20220606101338.0
008 - FIXED-LENGTH DATA ELEMENTS
- fixed length control field: 220606|| aca||aabn | a|a d
040 ## - CATALOGING SOURCE
- Original cataloging agency: NUST
- Transcribing agency: NUST
150 ## - HEADING--TOPICAL TERM
- Topical term or geographic name entry element: DME TEXTBOOK. MECHANICS OF MATERIALS
670 ## - SOURCE DATA FOUND
- Source citation: Work cat.: (NUST)571431: Beer, Ferdinand P ,Johnston, E. Russell Jr , Dewolf, John T 62272, Mechanics of Materials in si units, 2017
